000 00811nam a2200181 i 4500
001 98408
003 ES-MaACL
005 20230906182259.0
007 t|
008 050822s1913 sp ||||1| spa d
100 1 _aPagés y Oliveras, Vicente.
_988292
245 1 0 _aXVI Asamblea Anual celebrada el día 17 de septiembre de 1913 en la villa de Arbucias
_b: [Consideraciones en que se desarrolla la vida de los operarios de la industria fabril, en comarcas rurales /
_cpor Vicente Pagés y Oliveras].
260 _aGerona :
_b[s.n.],
_c1913 (
_fEst. tip. de Dolores Torres)
300 _a31 p. ;
_c24 cm.
710 2 _aColegio de Médicos de la Provincia de Gerona.
_92909
711 2 _aAsamblea del Colegio de Médicos de la Provincia de Gerona (
_n16ª.
_d1912.
_cArbucias)
_917
852 _aES-MaACL
_jT-1362-F-5
999 _c98408
_d98408